000 01372cam a22003254a 4500
001 11868136
003 OSt
005 20240626095419.0
008 991214s2000 enk b 001 0 eng
010 _a 99087818
020 _a1856497607 (hb)
020 _a1856497615 (pb)
040 _aDLC
_cmust
_dDLC
042 _apcc
050 0 0 _aHD8039.D5
_bA53 2000
082 0 0 _a338.7288 AND 2000
_221
100 1 _aAnderson, Bridget,
_cD. Phil.
_917910
245 1 0 _aDoing the dirty work? :
_bthe global politics of domestic labour /
_cBridget Anderson.
260 _aLondon ;
_aNew York :
_bZed Books ;
_aNew York :
_bDistributed in the USA by St Martin's Press,
_c2000.
300 _aviii, 213 p. ;
_c23 cm.
504 _aIncludes bibliographical references (p. 198-207) and index.
650 0 _aHousehold employees.
_917911
650 0 _aForeign workers.
_917912
856 4 2 _3Contributor biographical information
_uhttp://www.loc.gov/catdir/bios/hol058/99087818.html
856 4 2 _3Publisher description
_uhttp://www.loc.gov/catdir/description/hol057/99087818.html
856 4 1 _3Table of contents
_uhttp://www.loc.gov/catdir/toc/hol053/99087818.html
906 _a7
_bcbc
_corignew
_d1
_eocip
_f19
_gy-gencatlg
942 _2ddc
_cO_SHELF
999 _c8867
_d8867